Normal view
MARC view
Entry Personal Name
001 - CONTROL NUMBER
- control field: 1304
003 - CONTROL NUMBER IDENTIFIER
- control field: ARRUPE
005 - DATE AND TIME OF LATEST TRANSACTION
- control field: 20130925172017.0
008 - FIXED-LENGTH DATA ELEMENTS
- fixed length control field: 130925|| aca||aabn | a|a d
040 ## - CATALOGING SOURCE
- Original cataloging agency: ARRUPE
- Transcribing agency: ARRUPE
100 ## - HEADING--PERSONAL NAME
- Personal name: Hutchinson, Gloria
670 ## - SOURCE DATA FOUND
- Source citation: Work cat.: (ARRUPE)0: Hoppe, Leslie J., O.F.M. 1300, A retreat with Matthew :, c2000.